000 01652cam a22004694i 4500
003 PE-LiUPU
005 20250731172949.0
008 150623s1997 sp rb 000 0 spa d
020 _a0687057248
035 _a(Sirsi) i9780687057245
040 _aPE-LiUPU
_bspa
_cPE-LiUPU
_erda
049 _aPRUA
082 0 4 _a227.870 77
_bP49
_221
100 1 _aPfitzner, Victor C.,
_eautor.
245 1 0 _aHebrews /
_cVíctor C. Pfitzner.
264 1 _aNashville, TN :
_bAbingdon Press,
_c1997.
300 _a218 páginas ;
_c23 centímetros.
336 _atext
_2rdacontent
337 _aunmediated
_2rdamedia
338 _avolume
_2rdacarrier
490 0 _aAbingdon New Testament Commentaries
504 _aIncluye bibliografía.
505 0 _aHebrews as challenge -- Literary genre, rethorical devices, and structure -- In search of a historical context -- The theology of Hebrews -- Commentary.
526 _aSEG42
526 _aSEG41
526 _aSEG40
526 _aSEG39
526 _aP94
526 _aP87
526 _aP86
526 _aP85
526 _aP77
526 _aP76
526 _aP35
630 _aBiblia.
_pN.T.
_pHebreos
_xComentarios.
942 _2ddc
_cBOOK
949 _a227.870 77 P49
_wDEWEY
_c1
_i44844
_lCCODEBUL1
_mBUL
_r0
_sY
_tBOOK
_u2015-6-24
_xTEOLOGIA
_PP35
_0COMPRA
_o.STAFF. Colección Teología
994 _aC0
_bPEPRU
596 _a1
999 _a227.870 77 P49
_wDEWEY
_c21717
_i44844
_d21717
_e2018-9-25
_f2021-11-9
_g5
_lCCODEBUL1
_mBUL
_n4
_p20.00
_q3
_r0
_sY
_tBOOK
_u2015-6-24
_xTEOLOGIA
_PP35
_0COMPRA
_o.STAFF. Colección Teología
980 _81
_gALBERTO SANCHEZ Responsable de Automatización